000 01551nam a22002417a 4500
999 _c6997
_d6997
003 DO-SdBJH
005 20220906181228.0
008 220906b ||||| |||| 00| 0 spa d
040 _aDO-SdBJH
_bspa
_cDO-SdBJH
090 _aTG ANMG
_b01780 2020
100 1 _aAbad Heredia, Anabel
_esustentante
245 1 0 _aPropuesta para salvaguardar la vida humana e instalaciones físicas dentro de la zona militar Sans Souci a partir del 2021 /
_c Anabel Abad Heredia, Jefri Bautista Ramírez, asesores Manuel Feliz Ledezma, Eddy Martínez Adames
260 _aSanto Domingo Este :
_bINSUDE,
_c2020
300 _axii, 35 páginas
502 _aTrabajo de grado (Licenciado en Ciencias Navales). -- Instituto Superior para la Defensa (INSUDE). Academia Naval Marina de Guerra “Vicealmirante Cesar D’Windt Lavandier”, 2020.
504 _aIncluye referencias bibliográficas e índices
505 _aDescribir los factores técnicos, económicos y sociales que intervienen en salvaguardar la vida humana e instalaciones físicas, en la zona militar de Sans Souci, ARD. -- Planes implementados por la Armada de República Dominicana para salvaguardar la vida humana e instalaciones físicas, en la zona militar de Sans Souci, ARD en la actualidad
700 1 _aJefri Bautista Ramírez,
_esustentante
700 1 _aFeliz Ledezma, Manuel
_easesor
700 1 _aMartínez Adames, Eddy
_easesor
830 _aINSUDE. Academia Naval Marina de Guerra “Vicealmirante Cesar D’Windt Lavandier”. Tesis y disertaciones académicas
942 _2CL
_cT